| 000 | 00622nab#a2200205#c#4500 | ||
|---|---|---|---|
| 999 |
_c87719 _d87719 |
||
| 003 | IEF | ||
| 005 | 20191205183414.0 | ||
| 008 | 950704s1975 uuu|| #####0 b| |u | ||
| 040 |
_aIEF _cES-MaIEF |
||
| 100 | 1 |
_aMoral Medina, Francisco Javier _930191 |
|
| 245 |
_aEficiencia económica y actividad financiera de la hacienda local _c Francisco Javier Moral Medina |
||
| 260 | _c1975 | ||
| 650 | 4 |
_aHACIENDAS LOCALES _945217 |
|
| 650 | 4 |
_aESPAÑA _941092 |
|
| 650 | 4 |
_aACTIVIDAD FINANCIERA _94035 |
|
| 773 | 0 |
_tHacienda Pública Española _w34570 _gn. 35, 1975;pags. 19-50 |
|
| 942 | _2udc | ||
| 942 | _2udc | ||